000 00499nam a2200169 4500
005 20260218122239.0
008 260211b |||||||| |||| 00| 0 eng d
041 _aEnglish
082 _aF 610.73 GRO
_bB12213
100 _aGrover, Vikas
_9216714
110 _aAIIMS NORCET-9
245 _aAIIMS NORCET-9 Nursing Officer 'B' Nursing Aptitude
_bCommon Elegibility Test CBT Stage I
260 _aNew Delhi
_bBOOKHIVE INDIA
_c2025
300 _a358p
_bpb
365 _aRupaye
_b260
_cINR
942 _cBK
999 _c370415
_d370415